000 01512cam a22004094i 4500
003 PE-LiUPU
005 20250731173207.0
008 150625s1853 sp r 000 0 spa d
035 _a(Sirsi) a31528
040 _aPE-LiUPU
_bspa
_cPE-LiUPU
_erda
100 1 _aAubigne, Merle D',
_eautor.
245 1 0 _aHistoire de la Reformation /
_cMerle D´Aubigne.
264 1 _aParis :
_bMarc ducloux,
_c1853.
300 _a583 páginas ;
_c22 centímetros
336 _atext
_2rdacontent
337 _aunmediated
_2rdamedia
338 _avolume
_2rdacarrier
526 _aSEG42
526 _aSEG41
526 _aSEG40
526 _aSEG39
526 _aP94
526 _aP87
526 _aP86
526 _aP85
526 _aP77
526 _aP76
526 _aP35
942 _2ddc
_cBOOK
949 _a270.6 A88
_wDEWEY
_c1
_i10303
_lCCODEBUL1
_mBUL
_p00.00
_r0
_sY
_tBOOK
_u2015-06-25
_xBIBLIOTECA
_zUNKNOWN
_0COMPRA
_o.STAFF. Colección General
949 _a270.6 A88
_wDEWEY
_c2
_i10302
_lCCODEBUL1
_mBUL
_p00.00
_r0
_sY
_tBOOK
_u2015-06-25
_xBIBLIOTECA
_zUNKNOWN
_0COMPRA
_o.STAFF. Colección General
596 _a1
999 _a270.6 A88
_wDEWEY
_c39090
_i10303
_d39090
_f2021-11-11
_g5
_lCCODEBUL1
_mBUL
_p28.00
_q1
_r0
_sY
_tBOOK
_u2015-6-25
_xTEOLOGIA
_PP35
_0COMPRA
_o.STAFF. Colección teología
999 _a270.6 A88
_wDEWEY
_c2
_i10302
_f2021-11-11
_g5
_lCCODEBUL1
_mBUL
_r0
_sY
_tBOOK
_u2015-6-25
_xTEOLOGIA
_zUNKNOWN
_0COMPRA
_o.STAFF. Colección General
980 _81
_gALBERTO SANCHEZ Responsable de Automatización